| 000 | 06365cam a22018494i 4500 | ||
|---|---|---|---|
| 003 | PE-LiUPU | ||
| 005 | 20250813165422.0 | ||
| 008 | 150623s1980 paua r 000 0 eng d | ||
| 020 | _a0721658067 | ||
| 020 | _a9780721658063 | ||
| 035 | _a(Sirsi) i9780721658063 | ||
| 040 |
_aPE-LiUPU _bspa _cPE-LiUPU _dPE-LiUPU _erda |
||
| 049 | _aPRUA | ||
| 082 | 0 | 4 |
_a610.73677 _bL92 _221 |
| 100 | 1 |
_aLuckmann, Joan, _eed., _eautor. |
|
| 245 | 1 | 0 |
_aMedical-surgical nursing : _ba psichophisiologic approach / _cJoan Luckmann, Karen Creason Sorensen. |
| 250 | _a2a edición. | ||
| 264 | 1 |
_aPhiladelphia : _bW. B. Saunders Company, _c1980. |
|
| 300 |
_a2276 páginas : _bilustraciones ; _c28centímetros |
||
| 336 |
_atext _2rdacontent |
||
| 337 |
_aunmediated _2rdamedia |
||
| 338 |
_avolume _2rdacarrier |
||
| 505 | 0 | _aUnit I: The unique contributions of nursing to patient care -- Unit II: Aholistic approach to illness -- Unit III: Stress and illness -- Unit IV: Mind-Body interaction in illness -- Unit V: The body's response to disturbances in homeostasis -- Unit VI: Psichosocial assessment -- Unit VII: Physical assessment -- Unit VIII: Nursing people experienciencing surgery -- Unit IX: Nursing people experiencing neoplastic disorders -- Unit X: Nursing people experiencing disturbances of neurologic function -- Unit XI: Nursing people experiencing pain -- Unit XII: Nursing people experiencieng disturbances of cardiovascular function and blood flow -- Unit XIII: Nursing people experienciong dysfunction of the kidney and the urinary tract -- Unit XIV: Nursing people experiencing disturbances of the blood and blood-forming organs -- Unit XV: Nursing people experiencing disturbances of peripheral vascular function -- Unit XVI: Nursing people experiencing disturbances of respiratory function -- Unit XVII: Nursing people experiencing disturbances of digestive function -- Unit XVIII: Nursing people experiencing disturbances of the liver, biliary tract and pancreas -- Unit XIX: Nursing people experiencing diturbances of endocrine and metabolic function -- Unit XX: Nursing people experiencing disturbances musculoskeletal function -- Unit XXI. Nursing people experiencing disturbances of the integumentary system -- Unit XXII: Nursing people experiencing disturbances of the reproductive system -- Unit XXIII: Nursing people experiencing disturbances of the eye and ear -- Unit XXIV: Nursing people experiencing disturbances of the nose, sinuses, pharynx, and larynx -- Unit XXV: Nursing people experiencing dependency on alcohol and other drugs -- Unit XXVI: Nursing people experiencing medical-surgical emergencies -- Index. | |
| 526 | _aP203 | ||
| 526 | _aP200 | ||
| 526 | _aSEG65 | ||
| 526 | _aSEG64 | ||
| 526 | _aSEG63 | ||
| 526 | _aSEG62 | ||
| 526 | _aSEG61 | ||
| 526 | _aSEG60 | ||
| 526 | _aSEG59 | ||
| 526 | _aSEG58 | ||
| 526 | _aSEG57 | ||
| 526 | _aSEG56 | ||
| 526 | _aSEG55 | ||
| 526 | _aSEG54 | ||
| 526 | _aSEG53 | ||
| 526 | _aSEG52 | ||
| 526 | _aSEG51 | ||
| 526 | _aSEG50 | ||
| 526 | _aSEG49 | ||
| 526 | _aSEG48 | ||
| 526 | _aSEG47 | ||
| 526 | _aSEG46 | ||
| 526 | _aSEG24 | ||
| 526 | _aSEG23 | ||
| 526 | _aSEG22 | ||
| 526 | _aSEG21 | ||
| 526 | _aSEG20 | ||
| 526 | _aSEG19 | ||
| 526 | _aSEG18 | ||
| 526 | _aSEG17 | ||
| 526 | _aSEG16 | ||
| 526 | _aSEG14 | ||
| 526 | _aSEG13 | ||
| 526 | _aSEG12 | ||
| 526 | _aSEG11 | ||
| 526 | _aSEG10 | ||
| 526 | _aSEG09 | ||
| 526 | _aSEG06 | ||
| 526 | _aSEG05 | ||
| 526 | _aSEG04 | ||
| 526 | _aSEG03 | ||
| 526 | _aSEG02 | ||
| 526 | _aSEG68 | ||
| 526 | _aSEG66 | ||
| 526 | _aSEG45 | ||
| 526 | _aSEG25 | ||
| 526 | _aSEG01 | ||
| 526 | _aP163 | ||
| 526 | _aP162 | ||
| 526 | _aP161 | ||
| 526 | _aP160 | ||
| 526 | _aP159 | ||
| 526 | _aP158 | ||
| 526 | _aP157 | ||
| 526 | _aP156 | ||
| 526 | _aP155 | ||
| 526 | _aP154 | ||
| 526 | _aP153 | ||
| 526 | _aP152 | ||
| 526 | _aP151 | ||
| 526 | _aP150 | ||
| 526 | _aP149 | ||
| 526 | _aP142 | ||
| 526 | _aP141 | ||
| 526 | _aP140 | ||
| 526 | _aP139 | ||
| 526 | _aP138 | ||
| 526 | _aP137 | ||
| 526 | _aP132 | ||
| 526 | _aP131 | ||
| 526 | _aP130 | ||
| 526 | _aP126 | ||
| 526 | _aP125 | ||
| 526 | _aP124 | ||
| 526 | _aP123 | ||
| 526 | _aP115 | ||
| 526 | _aP122 | ||
| 526 | _aP121 | ||
| 526 | _aP116 | ||
| 526 | _a P114 | ||
| 526 | _aP112 | ||
| 526 | _aP111 | ||
| 526 | _aP104 | ||
| 526 | _aP103 | ||
| 526 | _aP102 | ||
| 526 | _aP101 | ||
| 526 | _aP100 | ||
| 526 | _aP96 | ||
| 526 | _aP95 | ||
| 526 | _aP93 | ||
| 526 | _aP92 | ||
| 526 | _aP91 | ||
| 526 | _aP88 | ||
| 526 | _aP83 | ||
| 526 | _aP82 | ||
| 526 | _aP79 | ||
| 526 | _aP78 | ||
| 526 | _aP75 | ||
| 526 | _aP74 | ||
| 526 | _aP71 | ||
| 526 | _aP69 | ||
| 526 | _a P51 | ||
| 526 | _aP49 | ||
| 526 | _aP48 | ||
| 526 | _aP47 | ||
| 526 | _aP33 | ||
| 526 | _aP31 | ||
| 526 | _a P30 | ||
| 526 | _aP29 | ||
| 526 | _aP27 | ||
| 526 | _aP26 | ||
| 526 | _aP25 | ||
| 526 | _aP24 | ||
| 526 | _a P22 | ||
| 526 | _aP10 | ||
| 526 | _aP09 | ||
| 526 | _a P08 | ||
| 526 | _aP06 | ||
| 526 | _aP05 | ||
| 526 | _aP04 | ||
| 526 | _aP01 | ||
| 700 | 1 |
_aCreason Sorensen, _eeditor. |
|
| 942 |
_2ddc _cBOOK |
||
| 949 |
_a616.0024 L92 _wDEWEY _c1 _i29885 _lCCODEBUL1 _mBUL _r0 _sY _tBOOK _u2015-4-22 _xSALUD _PP22 _0COMPRA _o.STAFF. Colección Ciencias de la Salud |
||
| 949 |
_a616.0024 L92 _wDEWEY _c2 _i29886 _lCCODEBUL1 _mBUL _r0 _sY _tBOOK _u2015-4-22 _xSALUD _PP22 _0COMPRA _o.STAFF. Colección Ciencias de la Salud |
||
| 949 |
_aRC 610.73677 L92 _wDEWEY _c1 _i33554 _lDISCARD _mBUL _r0 _sY _tBOOK _u2015-6-24 _xBIBLIOTECA _zUNKNOWN _0COMPRA _o.STAFF. Colección General |
||
| 994 |
_aC0 _bPEPRU |
||
| 596 | _a1 | ||
| 999 |
_a616.0024 L92 _wDEWEY _c19499 _i29885 _d19499 _e2018-10-31 _f2021-11-4 _g5 _lCCODEBUL1 _mBUL _n1 _p34.86 _r0 _sY _tBOOK _u2015-4-22 _xSALUD _zP22 _0COMPRA _o.STAFF. Colección Ciencias de la Salud |
||
| 999 |
_a616.0024 L92 _wDEWEY _c2 _i29886 _f2021-11-4 _g5 _lCCODEBUL1 _mBUL _p34.86 _r0 _sY _tBOOK _u2015-4-22 _xSALUD _zP22 _0COMPRA _o.STAFF. Colección Ciencias de la Salud |
||
| 999 |
_aRC 610.73677 L92 _wDEWEY _c1 _i33554 _lDISCARD _mBUL _r0 _sY _tBOOK _u2015-6-24 _xBIBLIOTECA _zUNKNOWN _0COMPRA _o.STAFF. Colección General |
||
| 980 |
_81 _gALBERTO SANCHEZ Responsable de Automatización |
||